000007337 001__ 7337 000007337 005__ 20260410134642.0 000007337 0247_ $$2DOI$$a10.6083/M4QV3K8Q 000007337 037__ $$aDA 000007337 245__ $$aPortland Aerial Tram upper dock under morning light 000007337 260__ $$bOregon Health & Science University 000007337 542__ $$fIn copyright - single owner 000007337 650__ $$aobscuring exterior expanded metal screen 000007337 650__ $$aaerial tram car 000007337 650__ $$atram equipment 000007337 650__ $$astructural steel supports 000007337 7001_ $$aMcClintick, Daniel 000007337 8564_ $$9f0400d10-69ae-4b9d-a827-4b924b6d89eb$$s13976842$$uhttps://digitalcollections.ohsu.edu/record/7337/files/0324dc550c92769ca442f0a13bd1bd07.jpg$$ePublic$$25df83df54e085276821614360285c171$$31 000007337 901__ $$a<p>These documents are archival records. They are retained for historical reference only. </p><p><b>Need an accessible version? Use the ‘Get Accessible Copy’ link above.</b></p> 000007337 905__ $$a/rest/prod/5d/86/p0/87/5d86p087z 000007337 956__ $$aGet Accessible Copy$$uhttps://ohsu.libwizard.com/f/requestaccessibledocument 000007337 980__ $$aStrategic Communications Images